00744nam a2200205 a 450000100100000000500170001000800410002702000150006804000250008310000270010824500520013526000380018730000210022549000320024650000690027850400300034783000390037795201050041699900170052100004274820201002040352.0140206s1998 sp 000 0 spa d a8440689284 aDO-SdBNPbspacBNPHU1 aOvejero, José97007110aChina para hipocondríacos. /cJosé Ovejero. aBarcelona, :bEdiciones B,c1998. a300 p. ;c24 cm.1 aBiblioteca Grandes Viajeros aIncluye datos biografícos del autor en la solapa de la portada aBibliografía p: 299-300 0aBiblioteca Grandes Viajeros969748 001050718MOaGRbGRcCTd2014-02-06iLF1l0o p42748-10r2020-06-25w2020-06-25y1ZNo se presta c42237d42237